| 000 | 00000nam##2200000za#4500 |
| 001 | 9.607282 |
| 003 | CaOODSP |
| 005 | 20220328113248 |
| 007 | cr ||||||||||| |
| 008 | 150406|2014||||xxc|||||o f|0| 0 fre|d |
| 020 | |a978-0-660-22481-7 |
| 040 | |aCaOODSP|bfre |
| 043 | |an-cn--- |
| 086 | 1 |aIu172-1/2014-3F-PDF |
| 110 | 1 |aCanada. |bIndustrie Canada. |
| 245 | 10|aÉvolution de la structure industrielle et ralentissement de la croissance économique après l'an 2000 : |h[ressource électronique]|bcomparaison entre le Canada et les États-Unis / |c[par] Michael-John Almon; Jianmin Tang. |
| 260 | |aOttawa - Ontario : |bIndustrie Canada |cc2014. |
| 300 | |a36p.|bréférences, tableaux |
| 490 | 1 |aDocuments de travail de la Direction générale de la recherche économique et de l'analyse des politiques|v2014-03 |
| 590 | |a15-11|b2015-03-13 |
| 775 | 08|tIndustry structure change and the post-2000 economic growth slowdown : |w(CaOODSP)9.580231 |
| 830 | #0|aDocuments de travail de la Direction générale de la recherche économique et de l'analyse des politiques ;|v2014-03|w(CaOODSP)9.504011 |
| 856 | 40|ahttp://publications.gc.ca|qPDF|s912 Ko|uhttps://publications.gc.ca/collections/collection_2015/ic/Iu172-1-2014-3-fra.pdf|y2014-03 |